Diseño de campaña de concienciación sobre la importancia de la lectura en Santo Domingo / (Record no. 9521)

000 -LEADER
fixed length control field 02198nam a22003497a 4500
003 - CONTROL NUMBER IDENTIFIER
control field DO-SlITS
005 - DATE AND TIME OF LATEST TRANSACTION
control field 20260207064115.0
007 - PHYSICAL DESCRIPTION FIXED FIELD--GENERAL INFORMATION
fixed length control field ta
008 - FIXED-LENGTH DATA ELEMENTS--GENERAL INFORMATION
fixed length control field 260113b20242026RD daklfrm||||||1|||spa|d
040 ## - CATALOGING SOURCE
Original cataloging agency DO-SlITS
Language of cataloging spa
Transcribing agency DO-SlITS
Modifying agency rda
041 ## - LANGUAGE CODE
Language code of text/sound track or separate title spa
082 ## - DEWEY DECIMAL CLASSIFICATION NUMBER
Classification number PF-TSDG 741.6 R353d 2024
Edition number 21
100 ## - MAIN ENTRY--PERSONAL NAME
9 (RLIN) 22051
Personal name Ramírez, Vianny Elizabeth
Dates associated with a name 2022-0392
Relator term Sustentante
245 ## - TITLE STATEMENT
Title Diseño de campaña de concienciación sobre la importancia de la lectura en Santo Domingo /
Statement of responsibility, etc. Vianny Elizabeth Ramírez, Lismairy García Ramírez.
264 ## - PRODUCTION, PUBLICATION, DISTRIBUTION, MANUFACTURE, AND COPYRIGHT NOTICE
Place of production, publication, distribution, manufacture Santo Domingo, República Dominicana :
Name of producer, publisher, distributor, manufacturer Instituto Técnico Superior Comunitario, Vicerrectoría Académica, Área de Artes,
Date of production, publication, distribution, manufacture, or copyright notice 2024.
300 ## - PHYSICAL DESCRIPTION
Extent 47 páginas :
Other physical details ilustraciones ;
Dimensions 28 x 22 cm.
336 ## - CONTENT TYPE
Content type term texto
Content type code txt
Source rdacontent
337 ## - MEDIA TYPE
Media type term volumen
Media type code n
Source rdamedia
502 ## - DISSERTATION NOTE
Dissertation note Proyecto final para optar por el título: Técnico Superior en Diseño Gráfico .
Degree type Instituto Técnico Superior Comunitario (ITSC). Santo Domingo Este, República Dominicana,
Name of granting institution 2024.
504 ## - BIBLIOGRAPHY, ETC. NOTE
Bibliography, etc Contiene referencias bibliográficas hoja: (47)
505 ## - FORMATTED CONTENTS NOTE
Formatted contents note Tabla de contenido / Dedicatoria / Agradecimiento / Introducción / Delimitación del tema de investigación / Planeamiento del problema / Justificación / Objetivos /Objetivos general /Objetivos Especifico / Marco conceptual/ Publicidad y el arte de persuadir / Campaña / Tipos de campaña / Diseño gráfico / Rama del diseño gráfico / Concientización / Capacitación / Formación / Aprendizaje / Marco Contextual / Historia / Misión / Visión / Valores / Análisis FODA / Desarrollo de propuesta / Conclusión Tipo de diseño gráfico / Diseño Web / Artesanía / Rediseño / Marco Contextual / Desarrollo de propuesta / Referencias / <br/>
546 ## - LANGUAGE NOTE
Language note Texto en español.
650 #4 - SUBJECT ADDED ENTRY--TOPICAL TERM
9 (RLIN) 3462
Topical term or geographic name as entry element Diseño gráfico
650 #0 - SUBJECT ADDED ENTRY--TOPICAL TERM
9 (RLIN) 22258
Topical term or geographic name as entry element Campañas de concienciación.
650 #4 - SUBJECT ADDED ENTRY--TOPICAL TERM
9 (RLIN) 2152
Topical term or geographic name as entry element Promoción de la lectura
650 #4 - SUBJECT ADDED ENTRY--TOPICAL TERM
9 (RLIN) 3530
Topical term or geographic name as entry element Comunicación visual
650 #4 - SUBJECT ADDED ENTRY--TOPICAL TERM
9 (RLIN) 2151
Topical term or geographic name as entry element Lectura
General subdivision Fomento.
650 #0 - SUBJECT ADDED ENTRY--TOPICAL TERM
9 (RLIN) 4218
Topical term or geographic name as entry element Educación
General subdivision Aspectos sociales.
700 ## - ADDED ENTRY--PERSONAL NAME
9 (RLIN) 22052
Personal name García Ramírez, Lismairy
Dates associated with a name 2022-0378
Relator term Sustentante
700 1# - ADDED ENTRY--PERSONAL NAME
Personal name Báez, Leocadia,
Relator term Docente
-- Asesora
9 (RLIN) 16659
942 ## - ADDED ENTRY ELEMENTS (KOHA)
Source of classification or shelving scheme
Koha item type Proyectos finales
Holdings
Withdrawn status Lost status Source of classification or shelving scheme Materials specified (bound volume or other part) Damaged status Not for loan Permanent Location Current Location Shelving location Date acquired Source of acquisition Full call number Barcode Date last seen Price effective from Koha item type
      ddc     Biblio - ITSC Biblio - ITSC Sala Dominicana 13/01/2026 Donación PF-TSDG 741.6 R353d 2024 e.1 Biblio-ITSC 2026-0003 13/01/2026 13/01/2026 Proyectos finales

Carr. Mella, Km. 14, Esq. Francisco de Rosario Sánchez San Luis, Sto Dgo. Este. TEl. 809.475.4872 ext. 3100, 3101 y 3102 Correo electrónico: biblioteca@itsc.edu.do

Powered by Koha